Black Sunday
保存先:
| 第一著者: | |
|---|---|
| フォーマット: | CD |
| 言語: | English |
| 出版事項: |
New York :
Random House,
1975.
|
| タグ: |
タグ追加
タグなし, このレコードへの初めてのタグを付けませんか!
|
| Thư viện lưu trữ: | Thư viện Trường Đại học Đà Lạt |
|---|
| LEADER | 00589nam a2200265 4500 | ||
|---|---|---|---|
| 001 | DLU090064671 | ||
| 005 | ##20090105 | ||
| 040 | # | # | |a DLU |b eng |
| 041 | # | # | |a eng |
| 044 | # | # | |a us |
| 082 | # | # | |a 813 |b HA-T |
| 100 | # | # | |a Harris, Thomas. |
| 245 | # | # | |a Black Sunday |h [Cassette] / |c Thomas Harris. |
| 260 | # | # | |a New York : |b Random House, |c 1975. |
| 300 | # | # | |a 3 Cassettes. |
| 923 | # | # | |a 21/2008 |
| 992 | # | # | |a 0 |
| 994 | # | # | |a DLU |
| 900 | # | # | |a True |
| 911 | # | # | |a Nguyễn Thanh Hương |
| 925 | # | # | |a CD |
| 926 | # | # | |a A |
| 927 | # | # | |a CD |
| 980 | # | # | |a Thư viện Trường Đại học Đà Lạt |